Pelabuhan Hati

Bibliographic Details
Main Author: Titis Basino P.I
Format: Book
Published: K.L : Ciptaan JiwaSeni , 1990
Subjects:

MARC

LEADER 00000cam a2200000 7i4500
001 0000006523
002 000007036
005 20000330.0
020 |a 9838810126 
090 0 0 |a F   |b TIT 
100 0 |a Titis Basino P.I 
245 1 0 |a Pelabuhan Hati   |c Titis Basino P.I 
260 |a K.L :   |b Ciptaan JiwaSeni ,   |c 1990 
300 |a 126p. ;   |c 17cm. 
650 0 0 |a Malay fiction 
999 |a 038402   |b BUKU   |c PINJAMAN   |e PERPUSTAKAAN KOMUNITI PETALING JAYA 
999 |a 038416   |b BUKU   |c PINJAMAN   |e PERPUSTAKAAN KOMUNITI PETALING JAYA